000 01245 a2200217 4500
001 124095
020 _a9788535928457
040 _cEscola Canadense de Niteroi
090 _aPEA
100 _aPearson, Luke
245 1 0 _aHilda e o Troll
250 _a1.ed.
260 _aSão Paulo
300 _a48 p.
_bil.
_c6 x 19.6 x 0.9 cm
362 0 _a2021
520 _aHilda adora aventuras, seja acampar numa noite chuvosa ou explorar a paisagem montanhosa nos arredores de casa. Durante uma expedição pelas colinas, ela encontra uma pedra muito suspeita: de dia, é apenas uma rocha engraçada, mas à noite se transforma num troll! Enquanto faz um desenho no caderno para registrar sua mais nova descoberta, Hilda acaba pegando no sono, e, ao acordar, o troll desapareceu. Agora, no caminho de volta para casa, Hilda terá de lidar com uma floresta assustadora, um gigante perdido, um homem de madeira misterioso e um sino tilintante. Inspirado no folclore nórdico, este quadrinho de cores vivas mistura realidade e fantasia para criar um universo deslumbrante, de onde crianças e adultos não vão querer sair.
650 4 _aLiteratura Infantil
650 4 _aAção ou Aventura
650 4 _aHistória em quadrinhos
942 _cBK
999 _c124095
_d124095